América Latina: anatomía de una revolución

Gorde:
Xehetasun bibliografikoak
Egile nagusia: Ruiz García, Enrique (Egilea)
Formatua: Liburua
Hizkuntza:gaztelania
Argitaratua: Madrid Guadarrama 1966
Gaiak:
Etiketak: Etiketa erantsi
Etiketarik gabe, Izan zaitez lehena erregistro honi etiketa jartzen!

MARC

LEADER 00000nam a2200000 a 4500
001 UCP6407
003 CL-VaPUC
008 991022e19660000SP |||||||||||||||||spa|d
082 0 4 |a 306.098  |b RUI  |2 21 
100 0 |a Ruiz García, Enrique  |e author  |9 435537 
245 1 0 |a América Latina: anatomía de una revolución 
300 |a 539 p 
942 |c BK 
945 |d 19991022 00:00:00  |a crobeson 
260 |a Madrid  |b Guadarrama  |c 1966 
650 0 |a Historia social  |9 313638 
650 0 |a Demografía   |9 260008 
650 0 |a Lucha de clases  |9 403122 
650 0 |a Condiciones económicas  |9 258255 
650 0 |a Problemas sociales  |9 258537 
651 0 |a América Latina   |9 255027 
583 |a last modification  |c 19991022 00:00:00  |k Rodrigo Vera 
999 |c 283994  |d 283992 
952 |0 0  |1 0  |4 0  |6 306_098000000000000_RUI_1966  |7 0  |8 A  |9 327581  |a BIBHIS  |b BIBHIS  |d 2019-11-20  |i 1370006  |l 1  |o 306.098 RUI 1966  |p 1370006  |r 2025-01-20  |s 2024-04-15  |w 2019-11-20  |y BK  |k HIS